000 00803nam a2200229Ia 4500
001 L099-504
003 IT-CnALBA
008 170116s9999||||xx |||||||||||||| ||und||
040 _aIT-CnALBA
_cIT-CnALBA
041 _aINGL-JAPAN
100 _aROSE-INNES ARTHUR
245 0 _aENGLIHS-JAPANESE CONVERSATION DICTIONARY
250 _a1a ed.
260 _a TOKIO
_bMEISEISHA
_c1953 [1° Ed.: n.d.]
300 _a317 p.
500 _aGRAMMATICA GIAPPONESE. PAROLE GIAPPONESI. DIZIONARIO INGLESE GIAPPONESE.
501 _aSocietà San Paolo EM - Piazza San Paolo, 14 - 12051 ALBA (CN) (non commercial uses only) ® Copyright 2017
520 _aGRAMMATICA GIAPPONESE. PAROLE GIAPPONESI. DIZIONARIO INGLESE GIAPPONESE.
650 _aLIBRI DI PICCOLO FORMATO
942 _cBK
957 _71
999 _a603
_bNO
_g Copie: 1
_c259740
_d259740